| 000 | 00488nam a2200181Ia 4500 | ||
|---|---|---|---|
| 008 | 090122s9999 xx 000 0 und d | ||
| 082 |
_b1175 _a920.71 |
||
| 100 |
_aढोले _bड _cकृ |
||
| 245 | _aसैनिकाची बखर | ||
| 260 |
_bअभिनव _c1969 |
||
| 300 | _a102 | ||
| 501 | _a-- | ||
| 600 | _aढोले | ||
| 630 | _aसैनिकाची बखर | ||
| 700 | _aढोले | ||
| 730 | _aसैनिकाची बखर | ||
| 942 | _cBOOK | ||
| 999 |
_c25253 _d25253 |
||